<?xml version="1.0" encoding="UTF-8"?>
<record
    xmlns:xsi="http://www.w3.org/2001/XMLSchema-instance"
    xsi:schemaLocation="http://www.loc.gov/MARC21/slim http://www.loc.gov/standards/marcxml/schema/MARC21slim.xsd"
    xmlns="http://www.loc.gov/MARC21/slim">

  <leader>01758nam a22002897a 4500</leader>
  <controlfield tag="001">987</controlfield>
  <controlfield tag="003">DO-SdBNP</controlfield>
  <controlfield tag="005">20170919131038.0</controlfield>
  <controlfield tag="007">987</controlfield>
  <controlfield tag="008">160606b    2006 dr  |||| 00| 0 spa d</controlfield>
  <datafield tag="020" ind1=" " ind2=" ">
    <subfield code="a"> 99934067</subfield>
  </datafield>
  <datafield tag="040" ind1=" " ind2=" ">
    <subfield code="a">BPMSU</subfield>
    <subfield code="b">spa</subfield>
    <subfield code="c">BPMSU</subfield>
  </datafield>
  <datafield tag="082" ind1=" " ind2="4">
    <subfield code="a">331.88097293</subfield>
    <subfield code="b">G633s</subfield>
  </datafield>
  <datafield tag="100" ind1=" " ind2=" ">
    <subfield code="a">G&#xF3;mez Cerda, Jos&#xE9; </subfield>
  </datafield>
  <datafield tag="245" ind1=" " ind2=" ">
    <subfield code="a">El sindicalismo en la Rep&#xFA;blica Dominicana /</subfield>
    <subfield code="c"> Jos&#xE9; G&#xF3;mez Cerda ; pr&#xF3;logo Henry Molina </subfield>
    <subfield code="h"> </subfield>
  </datafield>
  <datafield tag="260" ind1="0" ind2=" ">
    <subfield code="a">Santa Domingo : </subfield>
    <subfield code="b">Argo : </subfield>
    <subfield code="c">2006</subfield>
  </datafield>
  <datafield tag="300" ind1=" " ind2=" ">
    <subfield code="a">151 p. : </subfield>
    <subfield code="c">24 cm. </subfield>
  </datafield>
  <datafield tag="500" ind1=" " ind2=" ">
    <subfield code="a">Incluye datos biogr&#xE1;ficos del autor en las  solapas</subfield>
  </datafield>
  <datafield tag="505" ind1="0" ind2=" ">
    <subfield code="t">Pr&#xF3;logo --</subfield>
    <subfield code="t"> Los antecedentes --   </subfield>
    <subfield code="t">Historia del sindicalismo dominicano  1961-1979 -- </subfield>
    <subfield code="t">Situraci&#xF3;n economica --</subfield>
    <subfield code="t">Turismo </subfield>
    <subfield code="t"> Las remesas de dominicanos en el exterior -- </subfield>
    <subfield code="t"> El Tratado de Libre Comercio --</subfield>
    <subfield code="t"> El sistema de seguridad social dominicana -- </subfield>
    <subfield code="t"> Los fondos de pensiones --</subfield>
    <subfield code="t"> Las viviendas y los trabajadores --</subfield>
    <subfield code="t"> El  entorno internacional --</subfield>
    <subfield code="t">El entorno internacional --</subfield>
    <subfield code="t"> Los trabajadores dominicanos y el Tratado de Libre Comercio (TLC) -- </subfield>
    <subfield code="t"> El caso de Chile -- </subfield>
    <subfield code="t">El caso de M&#xE9;xico -- </subfield>
    <subfield code="t"> El desarrollo de los recursos humanos -- </subfield>
    <subfield code="t">Proceso de unidad en el Caribe --</subfield>
    <subfield code="t"> Remesas -- </subfield>
    <subfield code="t"> El trabajo y el sindicalismo --</subfield>
    <subfield code="t">El trabajo humano -- </subfield>
    <subfield code="t"> El movimiento de los trabajadores -- </subfield>
    <subfield code="t"> Sindicalismo humanista -- </subfield>
    <subfield code="t"> Sindicalismo aut&#xF3;nomo -- </subfield>
    <subfield code="t">Sindicalismo ideol&#xF3;gico -- </subfield>
    <subfield code="t"> Sindicalismo y competitividad La educaci&#xF3;n y la comunicaci&#xF3;n --   </subfield>
    <subfield code="t">La educaci&#xF3;n permanente --</subfield>
  </datafield>
  <datafield tag="650" ind1=" " ind2="4">
    <subfield code="a">SINDICALISMO </subfield>
    <subfield code="x">HISTORIA</subfield>
  </datafield>
  <datafield tag="650" ind1=" " ind2="4">
    <subfield code="a">TRABAJO Y TRABAJADORES</subfield>
  </datafield>
  <datafield tag="700" ind1="1" ind2="2">
    <subfield code="a">Molina, Henry</subfield>
    <subfield code="e">pr&#xF3;l. </subfield>
  </datafield>
  <datafield tag="910" ind1=" " ind2=" ">
    <subfield code="a">Validado. Control de calidad MFF</subfield>
  </datafield>
  <datafield tag="942" ind1=" " ind2=" ">
    <subfield code="2">ddc</subfield>
    <subfield code="c">BK</subfield>
  </datafield>
  <datafield tag="945" ind1=" " ind2=" ">
    <subfield code="a">Inventariado / 2017 VM</subfield>
  </datafield>
  <datafield tag="952" ind1=" " ind2=" ">
    <subfield code="0">0</subfield>
    <subfield code="1">0</subfield>
    <subfield code="2">ddc</subfield>
    <subfield code="4">0</subfield>
    <subfield code="7">0</subfield>
    <subfield code="8">CD</subfield>
    <subfield code="a">BPMET</subfield>
    <subfield code="b">BPMET</subfield>
    <subfield code="d">2016-06-06</subfield>
    <subfield code="e">Donado por BNPHU</subfield>
    <subfield code="l">0</subfield>
    <subfield code="o">331.88097293 G633s</subfield>
    <subfield code="p">BPMSU16060046</subfield>
    <subfield code="r">2016-06-06</subfield>
    <subfield code="w">2016-06-06</subfield>
    <subfield code="y">BK</subfield>
  </datafield>
  <datafield tag="952" ind1=" " ind2=" ">
    <subfield code="0">0</subfield>
    <subfield code="1">0</subfield>
    <subfield code="2">ddc</subfield>
    <subfield code="4">0</subfield>
    <subfield code="7">0</subfield>
    <subfield code="8">CD</subfield>
    <subfield code="a">BPMET</subfield>
    <subfield code="b">BPMET</subfield>
    <subfield code="d">2016-06-06</subfield>
    <subfield code="e">Donado por BNPHU</subfield>
    <subfield code="l">0</subfield>
    <subfield code="o">331.88097293 G633s</subfield>
    <subfield code="p">BPMSU16060047</subfield>
    <subfield code="r">2016-06-06</subfield>
    <subfield code="t">e. 2</subfield>
    <subfield code="w">2016-06-06</subfield>
    <subfield code="y">BK</subfield>
  </datafield>
  <datafield tag="952" ind1=" " ind2=" ">
    <subfield code="0">0</subfield>
    <subfield code="1">0</subfield>
    <subfield code="2">ddc</subfield>
    <subfield code="4">0</subfield>
    <subfield code="7">0</subfield>
    <subfield code="8">CD</subfield>
    <subfield code="a">BPMET</subfield>
    <subfield code="b">BPMET</subfield>
    <subfield code="d">2016-06-06</subfield>
    <subfield code="e">Donado por BNPHU</subfield>
    <subfield code="l">0</subfield>
    <subfield code="o">331.88097293 G633s</subfield>
    <subfield code="p">BPMSU16060048</subfield>
    <subfield code="r">2016-06-06</subfield>
    <subfield code="t">e.3</subfield>
    <subfield code="w">2016-06-06</subfield>
    <subfield code="y">BK</subfield>
  </datafield>
  <datafield tag="956" ind1=" " ind2=" ">
    <subfield code="a">VMATEO</subfield>
    <subfield code="b">10</subfield>
    <subfield code="c">20160606</subfield>
    <subfield code="d">BPMSU</subfield>
    <subfield code="f">0069</subfield>
  </datafield>
  <datafield tag="999" ind1=" " ind2=" ">
    <subfield code="c">10271</subfield>
    <subfield code="d">10271</subfield>
  </datafield>
</record>
